000
00231nam a22000857a 4500
008
170206b xxu||||| |||| 00| 0 eng d
100
_9
2783
_a
Mittal.R.S.et al
245
_a
Lab Manual Science-IX
260
_a
New Delhi
_b
Arc Pblication
_c
2016
999
_c
5981
_d
5981